Inovačný potenciál klastrov a klastrových iniciatív

Klastre ako významný mikroekonomický faktor, ktorý zvyšuje prosperitu regiónov, prílev priamych zahraničných investícií a vytvára prostredie pre inovácie a tvorbu znalostí. Výhody klastrovania pre podniky.

Saved in:
Bibliographic Details
Main Author: Gajdová, Denisa, 1977-
Format: Book Chapter
Language:Slovak
Subjects:
Tags: Add Tag
No Tags, Be the first to tag this record!

MARC

LEADER 00000nla a2200000 4500
001 0199168
005 20240522123221.4
041 0 |a slo 
044 |a SK 
245 1 0 |a Inovačný potenciál klastrov a klastrových iniciatív  |c Denisa Gajdová 
520 |a Klastre ako významný mikroekonomický faktor, ktorý zvyšuje prosperitu regiónov, prílev priamych zahraničných investícií a vytvára prostredie pre inovácie a tvorbu znalostí. Výhody klastrovania pre podniky. 
610 2 0 |a klaster 
610 2 0 |a formy organizačné nadpodnikové 
610 2 0 |a združenia podnikov 
610 2 0 |a rozvoj regionálny 
610 2 0 |a efektívnosť ekonomická 
100 1 |a Gajdová, Denisa, 1977-